[Event "FRA-chT Top 16 Gp Basse"]
[Site "Chartres"]
[Date "2022.06.19"]
[Round "4.1"]
[White "Aflalo, Sophie"]
[Black "Le Hay, Thierry"]
[Result "1-0"]
[WhiteElo "2125"]
[BlackElo "2030"]
[PlyCount "67"]
[EventDate "2022.06.16"]
[EventType "team-tourn"]
[EventRounds "4"]
[EventCountry "FRA"]
[SourceTitle "CBM 208 Extra"]
[Source "ChessBase"]
[SourceDate "2022.07.31"]
[SourceVersion "1"]
[SourceVersionDate "2022.07.31"]
[SourceQuality "1"]
[WhiteTeam "Tremblay en France"]
[BlackTeam "St Quentin"]
[WhiteTeamCountry "FRA"]
[BlackTeamCountry "FRA"]

1. e4 e6 2. d3 c5 3. Be2 Nc6 4. f4 d6 5. c3 g6 6. Nf3 Bg7 7. 0-0 Nge7 8. Qe1 0-0 9. Nbd2 b5 10. a3 a5 11. Ng5 f6 12. Nh3 Bd7 13. Nf3 b4 14. Be3 bxc3 15. bxc3 f5 16. Kh1 Rb8 17. Bg1 Rb2 18. e5 dxe5 19. Bxc5 exf4 20. d4 Re8 21. Bc4 Nd5 22. Qc1 Qb8 23. Bxd5 exd5 24. Qxf4 Ree2 25. Qxb8+ Nxb8 26. Nf4 Rec2 27. Nxd5 Rxg2 28. Rab1 Bh6 29. Bd6 Bc6 30. Ne7+ Kf7 31. d5 Bb5 32. c4 Ba4 33. Ne5+ Ke8 34. Nd3 1-0

[Event "FRA-chT Top 12"]
[Site "Drancy"]
[Date "2016.06.03"]
[Round "7.6"]
[White "Hamdouchi, Hicham"]
[Black "Le Hay, Thierry"]
[Result "1-0"]
[WhiteElo "2585"]
[BlackElo "2123"]
[PlyCount "41"]
[EventDate "2016.05.28"]
[EventType "team-tourn"]
[EventRounds "11"]
[EventCountry "FRA"]
[SourceTitle "CBM 172 Extra"]
[Source "ChessBase"]
[SourceDate "2016.06.21"]
[SourceVersion "1"]
[SourceVersionDate "2016.06.21"]
[SourceQuality "1"]
[WhiteTeam "Clichy Echecs 92"]
[BlackTeam "Saint Quentin"]
[WhiteTeamCountry "FRA"]
[BlackTeamCountry "FRA"]

1. Nf3 f5 2. d3 d6 3. e4 e5 4. Nc3 Nf6 5. exf5 Bxf5 6. d4 e4 7. Nh4 Qd7 8. Qe2 c6 9. Bg5 Be7 10. Bxf6 Bxf6 11. Nxf5 Qxf5 12. Qxe4+ Qxe4+ 13. Nxe4 0-0 14. Nxd6 Rd8 15. Ne4 Bxd4 16. Bc4+ Kf8 17. 0-0-0 b5 18. Ng5 Bxb2+ 19. Kxb2 Rxd1 20. Rxd1 bxc4 21. Ne6+ 1-0

[Event "FRA-chT2 1011"]
[Site "France"]
[Date "2010.11.14"]
[Round "3.6"]
[White "Le Hay, Thierry"]
[Black "Vilpoux, Jeremie"]
[Result "1-0"]
[WhiteElo "2024"]
[BlackElo "2141"]
[PlyCount "83"]
[EventDate "2010.10.17"]
[EventType "team-tourn"]
[EventRounds "11"]
[EventCountry "FRA"]
[SourceTitle "EXT 2012"]
[Source "ChessBase"]
[SourceDate "2011.11.24"]
[SourceVersion "1"]
[SourceVersionDate "2011.11.24"]
[SourceQuality "1"]

1. d4 Nf6 2. c4 d6 3. Nc3 e5 4. Bg5 Be7 5. Nf3 Nbd7 6. e3 0-0 7. Be2 Re8 8. 0-0 c6 9. Qc2 Qc7 10. Rac1 Bf8 11. b4 g6 12. d5 c5 13. bxc5 Qxc5 14. e4 Qc7 15. Nd2 Bg7 16. Nb5 Qb8 17. Nb3 b6 18. f3 a6 19. Nc3 Qc7 20. Be3 Nc5 21. Rb1 Nfd7 22. Nxc5 Nxc5 23. Na4 Rb8 24. Nxc5 bxc5 25. Rxb8 Qxb8 26. Rb1 Qc7 27. Qa4 Rf8 28. Qb3 Bf6 29. Bh6 Re8 30. Qa4 Re7 31. Bd2 Bb7 32. Qa5 Qc8 33. Bd1 Ba8 34. Rb6 Rd7 35. Qxa6 Bb7 36. Qa4 Bd8 37. Rb1 f5 38. exf5 gxf5 39. Bc2 Rf7 40. Qe8+ Kg7 41. Bh6+ Kg6 42. Qg8+ 1-0

[Event "FRA-chT2 0910"]
[Site "France"]
[Date "2009.10.04"]
[Round "1.6"]
[White "Tillet, Louis Juan"]
[Black "Le Hay, Thierry"]
[Result "1-0"]
[WhiteElo "2148"]
[BlackElo "2141"]
[PlyCount "51"]
[EventDate "2009.09.27"]
[EventType "team-tourn"]
[EventRounds "11"]
[EventCountry "FRA"]
[SourceTitle "EXT 2011"]
[Source "ChessBase"]
[SourceDate "2010.11.26"]
[SourceVersion "1"]
[SourceVersionDate "2010.11.26"]
[SourceQuality "1"]

1. e4 e6 2. d4 d5 3. Nc3 Bb4 4. e5 c5 5. Bd2 Ne7 6. a3 Bxc3 7. Bxc3 b6 8. Bb5+ Bd7 9. Bd3 Nbc6 10. f4 c4 11. Bf1 Nf5 12. Nf3 b5 13. Qd2 a5 14. b4 cxb3 15. cxb3 b4 16. Bb2 0-0 17. a4 f6 18. Bd3 fxe5 19. fxe5 Qb6 20. 0-0-0 Ncxd4 21. Nxd4 Rac8+ 22. Kb1 Rc3 23. Nxf5 exf5 24. Bxc3 bxc3 25. Qxc3 Bxa4 26. Bc4 1-0

[Event "FRA-chT3 North 0304"]
[Site "France"]
[Date "2004.04.04"]
[Round "9.2"]
[White "Marchyllie, Bruno"]
[Black "Le Hay, Thierry"]
[Result "1-0"]
[WhiteElo "2177"]
[BlackElo "2170"]
[PlyCount "93"]
[EventDate "2003.11.??"]
[EventType "team-tourn"]
[EventRounds "9"]
[EventCountry "FRA"]
[SourceTitle "EXT 2006"]
[Source "ChessBase"]
[SourceDate "2005.11.24"]
[SourceVersion "1"]
[SourceVersionDate "2005.11.24"]
[SourceQuality "1"]
[WhiteTeam "Cappelle la Grande"]
[BlackTeam "Chauny St Quentin"]
[WhiteTeamCountry "FRA"]
[BlackTeamCountry "FRA"]

1. e4 e6 2. d4 d5 3. e5 c5 4. c3 Nc6 5. Nf3 Bd7 6. Be2 f6 7. 0-0 Qc7 8. Bf4 cxd4 9. cxd4 Qb6 10. Nc3 g5 11. Be3 g4 12. Nh4 fxe5 13. dxe5 d4 14. Na4 Qa5 15. Bd2 Bb4 16. Bxb4 Nxb4 17. b3 Qxe5 18. Bxg4 0-0-0 19. Re1 Qd5 20. Rc1+ Kb8 21. Nc5 Nxa2 22. Nxd7+ Qxd7 23. Bxe6 Qd6 24. Nf5 Qb6 25. Rc4 Nf6 26. Rxd4 Nc3 27. Qd3 Rxd4 28. Qxd4 Qxd4 29. Nxd4 Rd8 30. Nf3 Kc7 31. g4 Rf8 32. h3 Kd6 33. Bf5 Ncd5 34. Nd4 a6 35. Kg2 h6 36. Kg3 Rf7 37. Be6 Rf8 38. Nf5+ Kc5 39. Nxh6 Kb4 40. Re5 Rd8 41. g5 Nh5+ 42. Kg4 Nhf4 43. Re4+ Kc3 44. Rxf4 Nxf4 45. Kxf4 Rf8+ 46. Nf5 Re8 47. Bf7 1-0

[Event "FRA-chT3 North 0304"]
[Site "France"]
[Date "2004.03.14"]
[Round "7.2"]
[White "Ait Chaouche, Samy"]
[Black "Le Hay, Thierry"]
[Result "0-1"]
[WhiteElo "2090"]
[BlackElo "2170"]
[PlyCount "120"]
[EventDate "2003.11.??"]
[EventType "team-tourn"]
[EventRounds "9"]
[EventCountry "FRA"]
[SourceTitle "EXT 2006"]
[Source "ChessBase"]
[SourceDate "2005.11.24"]
[SourceVersion "1"]
[SourceVersionDate "2005.11.24"]
[SourceQuality "1"]
[WhiteTeam "Baisieux"]
[BlackTeam "Chauny St Quentin"]
[WhiteTeamCountry "FRA"]
[BlackTeamCountry "FRA"]

1. e4 e6 2. d4 d5 3. e5 c5 4. c3 Nc6 5. Nf3 Bd7 6. Bd3 cxd4 7. cxd4 Qb6 8. Nc3 Nxd4 9. Nxd4 Qxd4 10. 0-0 a6 11. Qe2 Ne7 12. Kh1 Nc6 13. f4 Bc5 14. Rd1 Qf2 15. Qg4 Nb4 16. Be2 Nc2 17. Rf1 Qd4 18. Rb1 g6 19. Qg5 h6 20. Qg3 Bc6 21. a3 Ne3 22. Bxe3 Qxe3 23. Rf3 Qd2 24. b4 Bb6 25. Rd3 Qc2 26. Qe1 d4 27. Rc1 Qb2 28. Nb1 Rc8 29. Nd2 Qxc1 30. Qxc1 Bxg2+ 31. Kxg2 Rxc1 32. Ne4 Ke7 33. Nd6 Rb8 34. a4 Rc3 35. Rd1 Rc2 36. Kf3 f6 37. Nc4 Ba7 38. b5 axb5 39. axb5 Bc5 40. exf6+ Kxf6 41. Ne5 Rd8 42. Bd3 Rc3 43. Ke4 Rd5 44. Rg1 g5 45. fxg5+ hxg5 46. Rf1+ Kg7 47. Nc4 Rf5 48. Be2 Rc2 49. Bd3 Rxf1 50. Bxf1 Rxh2 51. b6 Rh1 52. Be2 Kf6 53. Ne5 Rh4+ 54. Ng4+ Ke7 55. Kd3 Bxb6 56. Ne5 Rh3+ 57. Kc4 Re3 58. Ng6+ Kd6 59. Bg4 d3 60. Nh8 Re4+ 0-1

[Event "FRA-chT3 Gr8 0203"]
[Site "France"]
[Date "2003.04.05"]
[Round "8"]
[White "Le Hay, Thierry"]
[Black "Gregoire, Thierry"]
[Result "1-0"]
[WhiteElo "2200"]
[BlackElo "2010"]
[PlyCount "105"]
[EventDate "2002.10.??"]
[EventType "team-tourn"]
[EventRounds "9"]
[EventCountry "FRA"]
[SourceTitle "EXT 2005"]
[Source "ChessBase"]
[SourceDate "2004.11.15"]
[SourceVersion "1"]
[SourceVersionDate "2004.11.15"]
[SourceQuality "1"]

1. d4 Nf6 2. Nf3 e6 3. Bg5 Be7 4. Nbd2 d5 5. e3 Nbd7 6. Bd3 c5 7. c3 0-0 8. Ne5 h6 9. h4 Qc7 10. f4 b6 11. Qf3 Bb7 12. g4 Rac8 13. Nxd7 Qxd7 14. Bxf6 Bxf6 15. g5 Bd8 16. gxh6 f5 17. hxg7 Qxg7 18. 0-0-0 Qh6 19. Rdg1+ Kf7 20. h5 Bf6 21. Rg6 Qh7 22. Kb1 cxd4 23. exd4 Rh8 24. Qg2 Rcg8 25. Rg1 Rg7 26. Nf3 Rhg8 27. Qh3 Ke7 28. Rxg7+ Rxg7 29. Rxg7+ Bxg7 30. Ng5 Qh6 31. Qe3 Qf6 32. a3 Bc6 33. Qe5 Qxe5 34. dxe5 Bh6 35. Kc2 Be8 36. Be2 Bd7 37. Kd2 Kf8 38. Ke3 Kg8 39. Kd4 Bf8 40. b4 Kg7 41. c4 dxc4 42. Bxc4 Kh6 43. Bxe6 Bxe6 44. Nxe6 Be7 45. Kd5 a5 46. bxa5 bxa5 47. a4 Kxh5 48. Nd4 Kg4 49. Nc6 Bh4 50. Nxa5 Kxf4 51. Nc4 Kg3 52. a5 f4 53. Nd2 1-0